| 000 | 00479nam a2200181Ia 4500 | ||
|---|---|---|---|
| 001 | 21153 | ||
| 005 | 20260306172858.0 | ||
| 008 | 260306t2022||||xx |||||||||||||| ||spa|| | ||
| 041 | _aESP | ||
| 082 |
_a344C4 _bR84 T. 3 |
||
| 100 |
_aRosas Yataco, Jorge _eAUT |
||
| 245 | 0 |
_aCódigo penal: _bcomentado, concordado y jurisprudencial. Parte especial |
|
| 260 | _c2022 | ||
| 300 |
_apáginas 2143-3245 : _c25 cm. |
||
| 650 | _aGEN | ||
| 654 | _aCDE | ||
| 942 |
_cLIB _dJUS _fJUS _2ddc _n |
||
| 999 |
_c21153 _d21153 |
||